Normal view
MARC view
Entry Personal Name
001 - CONTROL NUMBER
- control field: 1239002
003 - CONTROL NUMBER IDENTIFIER
- control field: OSt
005 - DATE AND TIME OF LATEST TRANSACTION
- control field: 20260511144510.0
008 - FIXED-LENGTH DATA ELEMENTS
- fixed length control field: 260511|| aca||aabn | a|a d
040 ## - CATALOGING SOURCE
- Original cataloging agency: OSt
- Transcribing agency: OSt
100 ## - HEADING--PERSONAL NAME
- Personal name: ਬੇਅੰਤ ਕੌਰ
670 ## - SOURCE DATA FOUND
- Source citation: Work cat.: (OSt)1851189: ਕੌਰ, ਅਰਸ਼ਦੀਪ 1239000, 21 ਵੀਂ ਸਦੀ ਦੇ ਪੰਜਾਬੀ ਸਿਨੇਮਾ ਵਿੱਚ ਸੱਭਿਆਚਾਰਕ ਇਤਿਹਾਸ ਦੀ ਪੇਸ਼ਕਾਰੀ:, 2024.
